Kongres USA
Guardado en:
| Autor principal: | |
|---|---|
| Formato: | Libro |
| Lenguaje: | eslovaco |
| Publicado: |
Bratislava
Právnická fakulta UK
1993
|
| Edición: | 1. vyd. |
| Colección: | Studia Iuridica Bratislavensia
|
| Materias: | |
| Etiquetas: |
Sin Etiquetas, Sea el primero en etiquetar este registro!
|
MARC
| LEADER | 00000nam a2200000 4500 | ||
|---|---|---|---|
| 001 | c005121 | ||
| 005 | 20221214082325.4 | ||
| 020 | |a 80-7160-040-7 | ||
| 041 | 0 | |a slo | |
| 044 | |a SK | ||
| 245 | 1 | 0 | |a Kongres USA |c Peter Kresák |
| 250 | |a 1. vyd. | ||
| 264 | 1 | |a Bratislava |b Právnická fakulta UK |c 1993 | |
| 300 | |a 306 s. | ||
| 490 | 1 | |a Studia Iuridica Bratislavensia | |
| 830 | 0 | |a Studia Iuridica Bratislavensia | |
| 610 | 2 | 0 | |a USA |
| 610 | 2 | 0 | |a ústava |
| 610 | 2 | 0 | |a kolónie |
| 610 | 2 | 0 | |a vláda |
| 610 | 2 | 0 | |a moc štátna |
| 610 | 2 | 0 | |a právomoc |
| 610 | 2 | 0 | |a organizácia práce |
| 610 | 2 | 0 | |a samospráva |
| 610 | 2 | 0 | |a legislatíva |
| 100 | 1 | |a Kresák, Peter | |